|
|
|
|
| LEADER |
01646cas a2200241 a 4500 |
| 001 |
AALejournalIMF004847 |
| 008 |
230101c9999 xx r poo 0 0eng d |
| 020 |
|
|
|c 5.00 USD
|
| 020 |
|
|
|z 9781451811223
|
| 022 |
|
|
|a 1934-7685
|
| 040 |
|
|
|a BD-DhAAL
|c BD-DhAAL
|
| 110 |
2 |
|
|a International Monetary Fund.
|
| 245 |
1 |
0 |
|a Denmark :
|b Financial Sector Assessment Program; Technical Note; Stress Testing.
|
| 264 |
|
1 |
|a Washington, D.C. :
|b International Monetary Fund,
|c 2007.
|
| 300 |
|
|
|a 1 online resource (44 pages)
|
| 490 |
1 |
|
|a IMF Staff Country Reports
|
| 500 |
|
|
|a <strong>Off-Campus Access:</strong> No User ID or Password Required
|
| 500 |
|
|
|a <strong>On-Campus Access:</strong> No User ID or Password Required
|
| 506 |
|
|
|a Electronic access restricted to authorized BRAC University faculty, staff and students
|
| 520 |
3 |
|
|a This technical note describes the stress testing exercises carried out for the Danish commercial banking system and the insurance sector. The tests were conducted as part of the Financial Sector Assessment Program for Denmark and were developed in collaboration with the Danish Financial Supervisory Agency (DFSA) and Danmarks Nationalbank (DNB). Two approaches-bottom-up and top-down-were employed in the analysis. Results of the stress test show that under changing macroeconomic conditions, credit risk could materialize, causing a substantial deterioration in banks' results.
|
| 538 |
|
|
|a Mode of access: Internet
|
| 830 |
|
0 |
|a IMF Staff Country Reports; Country Report ;
|v No. 2007/125
|
| 856 |
4 |
0 |
|z Full text available on IMF
|u http://elibrary.imf.org/view/journals/002/2007/125/002.2007.issue-125-en.xml
|z IMF e-Library
|